Company Valuation (Record no. 94360)

MARC details
000 -LEADER
fixed length control field 00603nam a2200217Ia 4500
005 - DATE AND TIME OF LATEST TRANSACTION
control field 20230417144112.0
008 - FIXED-LENGTH DATA ELEMENTS--GENERAL INFORMATION
fixed length control field 230125s9999 xx 000 0 und d
020 ## - INTERNATIONAL STANDARD BOOK NUMBER
International Standard Book Number 81-7881-108-1
041 ## - LANGUAGE CODE
Language code of text/sound track or separate title eng
082 ## - DEWEY DECIMAL CLASSIFICATION NUMBER
Classification number 658.152
Item number SWA
100 ## - MAIN ENTRY--PERSONAL NAME
Author Swain N, Ed.
245 ## - TITLE STATEMENT
Title Company Valuation
Remainder of title A Strategic Approach
250 ## - EDITION STATEMENT
Edition statement 1st Ed.
260 ## - PUBLICATION, DISTRIBUTION, ETC.
Date of publication, distribution, etc. 2002
Name of publisher, distributor, etc. ICFAI publication
Place of publication, distribution, etc. Hyderabad
300 ## - PHYSICAL DESCRIPTION
Extent 198p
500 ## - GENERAL NOTE
Keywords Terms of Availability. Price. <br/>
650 ## - SUBJECT ADDED ENTRY--TOPICAL TERM
Topical term or geographic name entry element Terms of Availability. Price.
700 ## - ADDED ENTRY--PERSONAL NAME
Personal name Swain N, Ed. & Mishra C S, Ed.
942 ## - ADDED ENTRY ELEMENTS (KOHA)
Koha item type Donated Book
906 ## - LOCAL DATA ELEMENT F, LDF (RLIN)
b 150
Holdings
Withdrawn status Lost status Damaged status Not for loan Home library Current library Date acquired Vendor Net Price Full call number Barcode Date last seen Actual Price Bill Date Koha item type Original Barcode
        Smt. Hiraben Nanavati Institute of Management & Research for Women Smt. Hiraben Nanavati Institute of Management & Research for Women 15/12/2016 Donated Book- Outside Donar 300.00 658.152 SWA DB2721 HIMR-DB-2721 25/01/2023 150.00 25/01/2023 Donated Book DB2721